Langer on putting
| Main Author: | |
|---|---|
| Other Authors: | |
| Format: | Book |
| Published: |
London :
Stanley Paul ,
1987
|
| Subjects: |
MARC
| LEADER | 00000cam a2200000 7i4500 | ||
|---|---|---|---|
| 001 | 0000005369 | ||
| 002 | 000005800 | ||
| 005 | 20090928.0 | ||
| 020 | |a 0091643503 | ||
| 090 | 0 | 0 | |a 796.35235 |b LAN |
| 100 | 1 | |a Langer, Bernhard | |
| 245 | 1 | 0 | |a Langer on putting |c Bernhard Langer with Vivien Saunders |
| 260 | |a London : |b Stanley Paul , |c 1987 | ||
| 300 | |a 160p. : |b ill. ; |c 24cm. | ||
| 650 | 0 | 0 | |a Putting (Golf) |
| 700 | 1 | |a Saunders, Vivien | |
| 999 | |a 031455 |b BUKU |c PINJAMAN |e PERPUSTAKAAN KOMUNITI PETALING JAYA | ||
| 999 | |a 031456 |b BUKU |c PINJAMAN |e PERPUSTAKAAN KOMUNITI PETALING JAYA | ||